00667 2200241 4500001002100000005001700021008004100038020002200079035002400101040001200125082001000137090002000147100001600167245007500183250001100258260003600269300002600305500001900331650003200350700001000382850001200392999002100404YOGYA-0712000000040720120730204301.0 ind  a978-602-19013-2-8 0010-071200000000407 aYOPDYOG a372.7 aDEP 372.7 Isn m aISNAENI, M. aMengenal angka /cM. Isnaeni; penyunting, Ainia; ilustrasi M. Isnaeni. aCet.1. aYogyakartabBentang Beliac2012 a24 hlmbilus ;c24 cm aLaskar Pelangi aPendidikan dasar-matematika aAinia aYOPDYOG aCB-D.11 2012-128